Statystyki dla Kraje które graniczą z Rosją

Kliknij tutaj aby rozwiązać quiz!

Ogólne statystyki

  • Ten quiz został rozwiązany 41 razy
  • Średni wynik to 11 z 13

Statystyki odpowiedzi

NumerPaństwo% Poprawnych
11Chiny
100%
9Kazachstan
97%
3Ukraina
97%
1Finlandia
95%
10Mongolia
95%
2Białoruś
87%
5Estonia
87%
7Gruzja
84%
4Łotwa
84%
13Korea Północna
82%
8Azerbejdżan
71%
6Norwegia
71%
12Japonia
47%

Rozkład punktacji

Percentyl według liczby udzielonych odpowiedzi

Procent ludzi z każdym wynikiem

Twoja historia wyników

Nie rozwiązałeś tego quizu